000 00456ntaaa2200169 4500
003 01
005 20251027203138.0
008 0714s1973 ag 01
040 _aAR-BaBN
_bspa
_cAR-BaBN
_eaacr
_dRIC
082 _a225.7000 H23
100 _aBarrett, Charles Kingsley
_932899
245 _aA commentary on the second epistle to the Corinthians /
_cCharles Kingsley Barrett,
250 _a1 ed.
300 _a354 p
650 _aCORINTIOS
_910020
942 _cBK
999 _c26849
_d26849